000
00299nam a22001217a 4500
008
160426b xxu||||| |||| 00| 0 eng d
020
_a
9780803611962
020
_a
080361196
041
_a
eng
080
_a
618.2
245
_a
Nursing theories nursing practice:
_c
Marilyn E. Parker;
942
_2
udc
_c
BK
999
_c
1600
_d
1600